Rhetoric in the European tradition /

Bibliographic Details
Main Author: Conley, Thomas M., 1941-
Format: Book
Language:English
Published: Chicago : University of Chicago Press, 1994.
Subjects:

MARC

Tag First Indicator Second Indicator Subfields
LEADER 00000cam a2200000 a 4500
001 in00001234721
005 20151003071439.0
008 930818r19941990ilua b 001 0 eng
010 |a  93032600  
015 |a GB94-97384 
020 |a 0226114899 (pbk. : alk. paper) 
035 |a (OCoLC)28800948 
035 |9 AGT4390AM 
040 |a DLC  |c DLC  |d UKM  |d TXA  |d UtOrBLW 
049 |a TXAM 
050 1 0 |a PN175  |b .C55 1994 
082 0 0 |a 808  |2 20 
100 1 |a Conley, Thomas M.,  |d 1941- 
245 1 0 |a Rhetoric in the European tradition /  |c Thomas M. Conley. 
264 1 |a Chicago :  |b University of Chicago Press,  |c 1994. 
300 |a x, 325 pages :  |b illustrations ;  |c 23 cm. 
336 |a text  |b txt  |2 rdacontent 
337 |a unmediated  |b n  |2 rdamedia 
338 |a volume  |b nc  |2 rdacarrier 
500 |a Originally published: New York : Longman, c1990. 
504 |a Includes bibliographical references and index. 
650 0 |a Rhetoric. 
653 0 |a Rhetoric  |a History 
999 |a MARS 
999 f f |s ade167f0-edfe-38d4-8ae9-c5aaef09090b  |i d60efeef-2cd9-3823-9f3e-9b4b570c7426  |t 0 
952 f f |p ric  |a Texas A&M University  |b Rellis Campus  |c Joint Library Facility  |d Remote Storage  |t 0  |e PN175 .C55 1994  |h Library of Congress classification  |i unmediated -- volume  |m A14819167604 
998 f f |a PN175 .C55 1994  |t 0  |l Remote Storage